Catálogo
 En Linea

Ecos boricuas en el oriente cubano : (Registro nro. 45471)

Detalles MARC
000 -CABECERA
campo de control de longitud fija 01110nam a2200229 a 4500
001 - NÚMERO DE CONTROL
campo de control 000045982
005 - FECHA Y HORA DE LA ÚLTIMA TRANSACCIÓN
campo de control 20201002052548.0
008 - DATOS DE LONGITUD FIJA--INFORMACIÓN GENERAL
campo de control de longitud fija 150605s2007 pr ac 000 0 spa d
020 ## - NÚMERO INTERNACIONAL ESTÁNDAR DEL LIBRO
Número Internacional Estándar del Libro 0965015440
040 ## - FUENTE DE LA CATALOGACIÓN
Centro catalogador/agencia de origen DO-SdBNP
Lengua de catalogación spa
Centro/agencia transcriptor BNPHU
082 ## - NÚMERO DE LA CLASIFICACIÓN DECIMAL DEWEY
Número de clasificación xxxx
Número de documento/Ítem xxxx
100 1# - ENTRADA PRINCIPAL--NOMBRE DE PERSONA
Nombre de persona Mustelier Ayala, Sandra Ileana,
Fechas asociadas al nombre 1967-
9 (RLIN) 74051
245 13 - MENCIÓN DE TÍTULO
Título Ecos boricuas en el oriente cubano :
Resto del título La diáspora de un ala /
Mención de responsabilidad, etc. Sandra Ileana Mustelier Ayala.
260 ## - PUBLICACIÓN, DISTRIBUCIÓN, ETC.
Lugar de publicación, distribución, etc. San Juan, Puerto Rico :
Nombre del editor, distribuidor, etc. Makarios,
Fecha de publicación, distribución, etc. 2007.
300 ## - DESCRIPCIÓN FÍSICA
Extensión 224 p. :
Otras características físicas il., retrs. ;
Dimensiones 22 cm.
490 1# - MENCIÓN DE SERIE
Mención de serie Puertorriqueños en el Caribe
500 ## - NOTA GENERAL
Nota general La biblioteca posee 1 ejemplar autografiado por la autora.
500 ## - NOTA GENERAL
Nota general Incluye datos biográficos de la autora en la solapa de la contracubierta.
504 ## - NOTA DE BIBLIOGRAFÍA, ETC.
Nota de bibliografía, etc. Bibliografía : p. 218-224
505 0# - NOTA DE CONTENIDO CON FORMATO
Nota de contenido con formato Razones de la memoria --
Título Gemelas por una historia común, el susurro de los corazones, y el capricho de la mar --
-- "Yo no me siento extranjera : bajo este cielo cubano" --
-- "Pero un día volveré, Puerto Rico del alma" --
-- Testimonios --
-- Citas y notas --
830 #0 - PUNTO DE ACCESO ADICIONAL DE SERIE-TÍTULO UNIFORME
Título uniforme Puertorriqueños en el Caribe
9 (RLIN) 74052
Existencias
Estado de retiro Estado de pérdida Restricciones de uso No para préstamo Código de colección Localización permanente Ubicación/localización actual Ubicación en estantería Fecha de adquisición Número de inventario Total de préstamos Signatura topográfica completa Código de barras Fecha visto por última vez Precio válido a partir de Tipo de ítem Koha
      Excluido de préstamo Monografías: Libros y Folletos Patrimonio Dominicano Patrimonio Dominicano En catalogación 05.06.2015 LF1   xxxx xxxx 45982-10 25.06.2020 25.06.2020 No se presta

Con tecnología Koha